[Event "Speed Chess Super Swiss"]
[Site "Chess.com INT"]
[Date "2020.10.03"]
[Round "13"]
[White "Tomb, Maroun"]
[Black "Kaufman, Raymond"]
[Result "1-0"]
[WhiteElo "2084"]
[BlackElo "2255"]
[PlyCount "71"]
[GameId "1568005790142464"]
[EventDate "2020.10.03"]
[EventType "swiss (blitz)"]
[EventRounds "15"]
[EventCountry "USA"]
[SourceTitle "CBM 198 Extra"]
[Source "ChessBase"]
[SourceDate "2020.11.30"]
[SourceVersion "1"]
[SourceVersionDate "2020.11.30"]
[SourceQuality "1"]

1. e4 c5 2. Ne2 d6 3. g3 Nc6 4. Bg2 e5 5. c3 Nf6 6. d4 Be7 7. O-O O-O 8. h3 Qc7 9. Be3 Bd7 10. Nd2 b5 11. Rc1 Qb7 12. f4 Rfd8 13. d5 Nb8 14. g4 exf4 15. Nxf4 h6 16. Nf3 Be8 17. Qe1 Nbd7 18. Qg3 g5 19. Nh5 Nxh5 20. gxh5 Nf6 21. h4 Nxe4 22. Qe1 f5 23. hxg5 hxg5 24. Nxg5 Bxg5 25. Bxg5 Nxg5 26. Rxf5 Qg7 27. Qg3 Nf7 28. Qh4 Qh6 29. Re1 Rd7 30. Re6 Qh7 31. Rg6+ Kf8 32. Qf4 Re7 33. Qxd6 Qxh5 34. Rgf6 Qd1+ 35. Kh2 Rd8 36. Qxd8 1-0

[Event "Speed Chess Super Swiss"]
[Site "Chess.com INT"]
[Date "2020.10.03"]
[Round "14"]
[White "Kaufman, Raymond"]
[Black "Kim, Sergey2"]
[Result "1-0"]
[WhiteElo "2255"]
[BlackElo "2295"]
[PlyCount "121"]
[GameId "1568005790810112"]
[EventDate "2020.10.03"]
[EventType "swiss (blitz)"]
[EventRounds "15"]
[EventCountry "USA"]
[SourceTitle "CBM 198 Extra"]
[Source "ChessBase"]
[SourceDate "2020.11.30"]
[SourceVersion "1"]
[SourceVersionDate "2020.11.30"]
[SourceQuality "1"]

1. e4 e5 2. Nf3 Nc6 3. Bc4 Bc5 4. c3 Nf6 5. d4 exd4 6. e5 d5 7. Bb5 Ne4 8. cxd4 Bb6 9. Nc3 O-O 10. Be3 Bg4 11. h3 Bh5 12. Bd3 Ba5 13. O-O Bxc3 14. bxc3 Nxc3 15. Qc2 Ne4 16. Bxe4 dxe4 17. Qxe4 Nb4 18. Rac1 Nd5 19. Bg5 Qd7 20. Rc5 c6 21. Rfc1 Rae8 22. Qh4 Bg6 23. Be3 h6 24. Qg3 Re6 25. Nh4 Rfe8 26. f4 Nxe3 27. Qxe3 R6e7 28. Nxg6 fxg6 29. a4 Qe6 30. a5 a6 31. Rb1 Rf7 32. Rb6 Qf5 33. Kh2 Ree7 34. g3 g5 35. fxg5 hxg5 36. Rb2 Re6 37. Qb3 Rh6 38. g4 Qf4+ 39. Qg3 Qxd4 40. Rbc2 Re6 41. R5c4 Qd5 42. Rc5 Qe4 43. R2c4 Qe2+ 44. Qg2 Rf2 45. Qxf2 Qxf2+ 46. Kh1 Qf3+ 47. Kg1 Qe3+ 48. Kf1 Rxe5 49. Rxe5 Qxe5 50. Rc2 Qf4+ 51. Rf2 Qc4+ 52. Re2 Qd3 53. Ke1 Qg3+ 54. Rf2 Qf4 55. Ke2 Qe4+ 56. Kf1 Qb4 57. Rd2 Qc4+ 58. Ke1 Qb4 59. Kd1 Qxd2+ 60. Kxd2 Kf7 61. Ke2 1-0

[Event "Speed Chess Super Swiss"]
[Site "Chess.com INT"]
[Date "2020.10.03"]
[Round "15"]
[White "Kaufman, Raymond"]
[Black "Narva, Mai"]
[Result "1-0"]
[WhiteElo "2255"]
[BlackElo "2276"]
[PlyCount "79"]
[GameId "1568005791080448"]
[EventDate "2020.10.03"]
[EventType "swiss (blitz)"]
[EventRounds "15"]
[EventCountry "USA"]
[SourceTitle "CBM 198 Extra"]
[Source "ChessBase"]
[SourceDate "2020.11.30"]
[SourceVersion "1"]
[SourceVersionDate "2020.11.30"]
[SourceQuality "1"]

1. d4 g6 2. e4 c5 3. dxc5 Bg7 4. c3 Nf6 5. e5 Ne4 6. Be3 Nc6 7. f3 d6 8. cxd6 exd6 9. fxe4 Qh4+ 10. Bf2 Qxe4+ 11. Qe2 Qf4 12. exd6+ Kd8 13. Be3 Qe4 14. Nd2 Qc2 15. Nc4 Qa4 16. Qd1 Qb5 17. a4 Qf5 18. Qf3 Qe6 19. O-O-O Re8 20. d7 Bxd7 21. Bg5+ f6 22. Nd6 fxg5 23. Nxb7+ Kc8 24. Nc5 Qa2 25. Rxd7 Re1+ 26. Kd2 Qxb2+ 27. Kxe1 Bxc3+ 28. Kd1 Qb1+ 29. Ke2 Qc2+ 30. Ke3 Bd2+ 31. Rxd2 Qxc5+ 32. Ke2 Kc7 33. Qf7+ Kb6 34. Rb2+ Nb4 35. Rxb4+ Qxb4 36. Qe6+ Ka5 37. Qd5+ Kxa4 38. Qxa8 Qb2+ 39. Ke3 Qe5+ 40. Qe4+ 1-0

[Event "Titled Tuesday intern op 17th Nov"]
[Site "Chess.com INT"]
[Date "2020.11.17"]
[Round "1"]
[White "Kaufman, Raymond"]
[Black "Kachko, Alexander"]
[Result "1/2-1/2"]
[WhiteElo "2255"]
[BlackElo "2328"]
[PlyCount "131"]
[GameId "1585794355871744"]
[EventDate "2020.11.17"]
[EventType "swiss (blitz)"]
[EventRounds "11"]
[EventCountry "USA"]
[SourceTitle "CBM 199 Extra"]
[Source "ChessBase"]
[SourceDate "2021.01.31"]
[SourceVersion "1"]
[SourceVersionDate "2021.01.31"]
[SourceQuality "1"]

1. d4 Nc6 2. Nf3 d6 3. e4 g6 4. Nc3 Bg7 5. Be3 Bg4 6. d5 Ne5 7. Be2 Bxf3 8. gxf3 Nf6 9. f4 Ned7 10. h4 h5 11. Qd2 c6 12. O-O-O Qc7 13. f5 gxf5 14. Rhg1 Ng4 15. Bxg4 fxg4 16. f3 Ne5 17. fxg4 Nf3 18. Qe2 Nxg1 19. Rxg1 Bxc3 20. bxc3 O-O-O 21. dxc6 Qxc6 22. Qd3 hxg4 23. Rxg4 Rhg8 24. Rf4 f6 25. h5 Rg2 26. Rh4 Rh8 27. h6 Rg3 28. e5 Qf3 29. Qc4+ Kb8 30. Re4 fxe5 31. Qa4 a6 32. Bd2 Qf1+ 33. Kb2 Qb5+ 34. Qxb5 axb5 35. Rb4 Rg2 36. Be3 Re2 37. Bg5 Rg2 38. Be3 Kc7 39. Rxb5 Rg6 40. c4 Rhxh6 41. Bxh6 Rxh6 42. Rd5 Kc6 43. Rd3 Rh4 44. Kc3 e6 45. a4 Kc5 46. Kb3 Rxc4 47. Rxd6 Rb4+ 48. Kc3 Rc4+ 49. Kb3 Rb4+ 50. Kc3 Rxa4 51. Rxe6 e4 52. Re7 b5 53. Re5+ Kc6 54. Kd2 Rc4 55. Ke3 Rxc2 56. Rxe4 Kc5 57. Kd3 Rg2 58. Kc3 Rg3+ 59. Kb2 b4 60. Rh4 Kb5 61. Rh8 Rg6 62. Rb8+ Kc4 63. Rc8+ Kb5 64. Rb8+ Ka5 65. Ra8+ Kb5 66. Rb8+ 1/2-1/2

[Event "Titled Tuesday intern op 17th Nov"]
[Site "Chess.com INT"]
[Date "2020.11.17"]
[Round "2"]
[White "Halkias, Stelios"]
[Black "Kaufman, Raymond"]
[Result "0-1"]
[WhiteElo "2565"]
[BlackElo "2255"]
[PlyCount "106"]
[GameId "1585794356768768"]
[EventDate "2020.11.17"]
[EventType "swiss (blitz)"]
[EventRounds "11"]
[EventCountry "USA"]
[SourceTitle "CBM 199 Extra"]
[Source "ChessBase"]
[SourceDate "2021.01.31"]
[SourceVersion "1"]
[SourceVersionDate "2021.01.31"]
[SourceQuality "1"]

1. Nf3 d5 2. d4 Nf6 3. c4 c6 4. Nc3 a6 5. c5 Nbd7 6. Bf4 Nh5 7. g3 Nxf4 8. gxf4 g6 9. e3 Bg7 10. h4 b6 11. cxb6 Qxb6 12. Qd2 Nf6 13. Bd3 h5 14. Ne5 Ng4 15. Rc1 Nxe5 16. fxe5 Bg4 17. Na4 Qa7 18. Nc5 Rb8 19. b3 a5 20. Rg1 O-O 21. f4 e6 22. Rxg4 hxg4 23. Kf2 Qe7 24. Kg3 f6 25. Bxg6 f5 26. h5 Bh6 27. Qxa5 Ra8 28. Qd2 Ra3 29. Rc2 Rfa8 30. Nd3 R8a6 31. Nb4 Rb6 32. Nxc6 Qb7 33. Nd8 Qd7 34. Nf7 Bf8 35. Qc1 Ra7 36. h6 Bxh6 37. Nxh6+ Kg7 38. Qh1 Kxg6 39. Qh4 Qe7 40. Qxe7 Rxe7 41. Ng8 Rh7 42. Kg2 Rh3 43. Ne7+ Kf7 44. Nc8 Rb8 45. Rc7+ Kf8 46. Nd6 Rxe3 47. Rf7+ Kg8 48. Rf6 Ra8 49. Rg6+ Kh7 50. Rxe6 Rxa2+ 51. Kf1 Rc3 52. Re7+ Kh6 53. Rd7 Rc1# 0-1

[Event "Titled Tuesday intern op 17th Nov"]
[Site "Chess.com INT"]
[Date "2020.11.17"]
[Round "6"]
[White "Sabuk, Piotr"]
[Black "Kaufman, Raymond"]
[Result "1-0"]
[WhiteElo "2372"]
[BlackElo "2255"]
[PlyCount "77"]
[GameId "1585794360631296"]
[EventDate "2020.11.17"]
[EventType "swiss (blitz)"]
[EventRounds "11"]
[EventCountry "USA"]
[SourceTitle "CBM 199 Extra"]
[Source "ChessBase"]
[SourceDate "2021.01.31"]
[SourceVersion "1"]
[SourceVersionDate "2021.01.31"]
[SourceQuality "1"]

1. d4 Nf6 2. c4 e6 3. Nc3 Bb4 4. e3 O-O 5. Bd3 d5 6. Nf3 b6 7. cxd5 exd5 8. O-O Re8 9. Bd2 a5 10. Ne5 c6 11. f4 Bb7 12. Be1 Nbd7 13. Bh4 Be7 14. Qf3 Nf8 15. Qh3 Ng6 16. Bg5 c5 17. g4 cxd4 18. exd4 Ne4 19. Bxe7 Qxe7 20. Nxe4 dxe4 21. Bc4 Nxe5 22. fxe5 Rf8 23. Qb3 Rad8 24. Qxb6 Bd5 25. Be2 e3 26. Qxa5 Qh4 27. Qe1 Qh6 28. Qg3 Be4 29. g5 Qg6 30. Qxe3 h6 31. h4 hxg5 32. hxg5 Rd5 33. Bc4 Rxd4 34. Qxd4 Qxg5+ 35. Kf2 Qh4+ 36. Ke3 Rd8 37. Bxf7+ Kh8 38. Qxe4 Qg5+ 39. Qf4 1-0

[Event "Titled Tuesday intern op 17th Nov"]
[Site "Chess.com INT"]
[Date "2020.11.17"]
[Round "8"]
[White "Kaufman, Raymond"]
[Black "Suvorov, Alexander David"]
[Result "0-1"]
[WhiteElo "2255"]
[BlackElo "2353"]
[PlyCount "114"]
[GameId "1585794362740736"]
[EventDate "2020.11.17"]
[EventType "swiss (blitz)"]
[EventRounds "11"]
[EventCountry "USA"]
[SourceTitle "CBM 199 Extra"]
[Source "ChessBase"]
[SourceDate "2021.01.31"]
[SourceVersion "1"]
[SourceVersionDate "2021.01.31"]
[SourceQuality "1"]

1. d4 Nf6 2. Nf3 e6 3. Bg5 c5 4. e4 h6 5. Bxf6 Qxf6 6. c3 b6 7. Bd3 Bb7 8. O-O d6 9. Nbd2 Nd7 10. Qe2 Qd8 11. a4 Be7 12. a5 O-O 13. a6 Bc6 14. b4 cxb4 15. cxb4 Rc8 16. d5 exd5 17. Nd4 Ba8 18. Nf5 Bf6 19. Rac1 Rxc1 20. Rxc1 Ne5 21. Bb1 Re8 22. f4 Ng6 23. Qg4 dxe4 24. Nxe4 Bxe4 25. Bxe4 d5 26. Bd3 d4 27. h4 Bxh4 28. Nxh6+ gxh6 29. Bxg6 fxg6 30. Qxg6+ Kf8 31. Qxh6+ Kf7 32. Rc6 Bf6 33. Qh7+ Kf8 34. Qf5 Kg7 35. g4 d3 36. g5 Qd4+ 37. Kf1 Qa1+ 38. Kg2 Re2+ 39. Kh3 Qh1+ 40. Kg4 Qg2+ 41. Kh4 Qh2+ 42. Qh3 Qxh3+ 43. Kxh3 Bd4 44. Rd6 Re4 45. Rd7+ Kg6 46. Kg4 d2 47. Rd6+ Kf7 48. Kf5 d1=Q 49. Kxe4 Qe2+ 50. Kxd4 Qd2+ 51. Ke5 Qxb4 52. Rd7+ Kg6 53. Rd6+ Kh5 54. Rh6+ Kg4 55. Rg6 Qxf4+ 56. Ke6 Qf5+ 57. Ke7 Qxg6 0-1

[Event "Titled Tuesday intern op 15st Dec"]
[Site "Chess.com INT"]
[Date "2020.12.15"]
[Round "3"]
[White "Kaufman, Raymond"]
[Black "Krishnan, Varun"]
[Result "1-0"]
[WhiteElo "2255"]
[BlackElo "2228"]
[PlyCount "135"]
[GameId "1595861410672640"]
[EventDate "2020.12.15"]
[EventType "swiss (blitz)"]
[EventRounds "11"]
[EventCountry "USA"]
[SourceTitle "CBM 199 Extra"]
[Source "ChessBase"]
[SourceDate "2021.01.31"]
[SourceVersion "1"]
[SourceVersionDate "2021.01.31"]
[SourceQuality "1"]

1. d4 d5 2. Bf4 Nf6 3. e3 c5 4. Nd2 Bf5 5. c3 Nc6 6. Ngf3 e6 7. h3 h6 8. Be2 Bd6 9. Ne5 Qc7 10. Ndf3 Nd7 11. Nxd7 Qxd7 12. Bxd6 Qxd6 13. O-O O-O 14. a3 b6 15. Bb5 c4 16. Bxc6 Qxc6 17. Ne5 Qc7 18. f3 f6 19. Ng4 Bxg4 20. hxg4 Rad8 21. Qe2 e5 22. Rad1 Rfe8 23. Qf2 Re7 24. Qg3 Rde8 25. e4 Qb7 26. exd5 Qxd5 27. dxe5 Qc5+ 28. Qf2 Qxe5 29. Qd4 b5 30. Qxe5 Rxe5 31. Rd7 a6 32. Rfd1 Re1+ 33. Rxe1 Rxe1+ 34. Kf2 Rb1 35. Rd2 Kf7 36. Ke3 Ke6 37. Kd4 Kd6 38. Ke4+ Ke6 39. f4 g6 40. f5+ gxf5+ 41. gxf5+ Ke7 42. Kd5 Rf1 43. g4 Rg1 44. Rd4 Rg2 45. Kc6 Rxb2 46. Rd7+ Kf8 47. Rh7 Rb3 48. Kd6 Rxc3 49. Ke6 Rd3 50. Rxh6 c3 51. Rxf6+ Kg7 52. Rf7+ Kg8 53. Rc7 a5 54. f6 Re3+ 55. Kf5 b4 56. Kg6 Kf8 57. Rc8+ Re8 58. Rc4 Rb8 59. axb4 axb4 60. g5 b3 61. Rh4 Ke8 62. Rh8+ Kd7 63. Rxb8 c2 64. f7 c1=Q 65. f8=Q Qc2+ 66. Qf5+ Qxf5+ 67. Kxf5 Kc7 68. Rxb3 1-0

[Event "Titled Tuesday intern op 15st Dec"]
[Site "Chess.com INT"]
[Date "2020.12.15"]
[Round "4"]
[White "Piesik, Piotr"]
[Black "Kaufman, Raymond"]
[Result "1-0"]
[WhiteElo "2400"]
[BlackElo "2255"]
[PlyCount "83"]
[GameId "1595861411282944"]
[EventDate "2020.12.15"]
[EventType "swiss (blitz)"]
[EventRounds "11"]
[EventCountry "USA"]
[SourceTitle "CBM 199 Extra"]
[Source "ChessBase"]
[SourceDate "2021.01.31"]
[SourceVersion "1"]
[SourceVersionDate "2021.01.31"]
[SourceQuality "1"]

1. Nf3 Nf6 2. g3 c5 3. Bg2 g6 4. O-O Bg7 5. c3 O-O 6. d4 d5 7. dxc5 Ne4 8. Ng5 Nxg5 9. Bxg5 h6 10. Be3 e6 11. Nd2 Nd7 12. Nb3 Ne5 13. Bd4 Nc4 14. Bxg7 Kxg7 15. Qc2 a5 16. a4 Bd7 17. e4 Bc6 18. Rfd1 Qf6 19. exd5 Bxd5 20. Bxd5 exd5 21. Rxd5 Ne5 22. Nd4 Rfd8 23. Rxd8 Rxd8 24. Qe4 Rd7 25. Kg2 Nc4 26. Qe2 Ne5 27. Re1 Nc6 28. Nb5 Rd5 29. Qc4 Rd2 30. Re2 Ne5 31. Qe4 Rxe2 32. Qxe2 Qc6+ 33. f3 f6 34. Qe3 h5 35. h4 Qd5 36. Nd4 Qa2 37. Qe2 Qxa4 38. f4 Nf7 39. Qe7 Qc4 40. Ne6+ Kh6 41. Qf8+ Kh7 42. Qg7# 1-0

[Event "Titled Tuesday intern op 15st Dec"]
[Site "Chess.com INT"]
[Date "2020.12.15"]
[Round "6"]
[White "Kaufman, Raymond"]
[Black "Christensen, Thomas1"]
[Result "0-1"]
[WhiteElo "2255"]
[BlackElo "2154"]
[PlyCount "66"]
[GameId "1595861413330944"]
[EventDate "2020.12.15"]
[EventType "swiss (blitz)"]
[EventRounds "11"]
[EventCountry "USA"]
[SourceTitle "CBM 199 Extra"]
[Source "ChessBase"]
[SourceDate "2021.01.31"]
[SourceVersion "1"]
[SourceVersionDate "2021.01.31"]
[SourceQuality "1"]

1. Nf3 Nc6 2. c4 e5 3. Nc3 a6 4. g3 Bc5 5. Bg2 d6 6. O-O Nge7 7. a3 O-O 8. b4 Ba7 9. Bb2 f5 10. d3 Ng6 11. e3 f4 12. exf4 exf4 13. Nd5 Nce7 14. Nxe7+ Qxe7 15. Re1 Qd7 16. d4 c6 17. Qd3 Qf5 18. Qxf5 Bxf5 19. d5 cxd5 20. cxd5 Rac8 21. Nd4 fxg3 22. hxg3 Ne5 23. Re2 Bg4 24. Re4 Nf3+ 25. Bxf3 Bxf3 26. Re7 Bxd5 27. Rae1 Rf7 28. Rxf7 Kxf7 29. Nf5 Rc2 30. Nxd6+ Kg6 31. Re5 Bc6 32. Re6+ Kh5 33. Re5+ Kg4 0-1

[Event "Titled Tuesday intern op 15st Dec"]
[Site "Chess.com INT"]
[Date "2020.12.15"]
[Round "7"]
[White "Tsyhanchuk, Stanislav"]
[Black "Kaufman, Raymond"]
[Result "1-0"]
[WhiteElo "2322"]
[BlackElo "2255"]
[PlyCount "69"]
[GameId "1595861413867520"]
[EventDate "2020.12.15"]
[EventType "swiss (blitz)"]
[EventRounds "11"]
[EventCountry "USA"]
[SourceTitle "CBM 199 Extra"]
[Source "ChessBase"]
[SourceDate "2021.01.31"]
[SourceVersion "1"]
[SourceVersionDate "2021.01.31"]
[SourceQuality "1"]

1. e4 c5 2. Nf3 Nc6 3. d4 cxd4 4. Nxd4 Nf6 5. Nc3 e5 6. Ndb5 d6 7. Bg5 a6 8. Na3 b5 9. Nd5 Be7 10. Bxf6 Bxf6 11. c3 O-O 12. Nc2 Rb8 13. a4 Bg5 14. axb5 axb5 15. Ncb4 Nxb4 16. Nxb4 Be6 17. Nc6 Qb6 18. Nxb8 Rxb8 19. Be2 b4 20. O-O bxc3 21. bxc3 Qc5 22. Qd3 g6 23. Rab1 Rc8 24. Rfd1 Be7 25. g3 Qxc3 26. Qxc3 Rxc3 27. Rb7 Bf8 28. h4 Rc2 29. Bb5 h5 30. Bd7 Bxd7 31. Rxd7 Rc4 32. f3 Rc2 33. Rd3 Kg7 34. Ra3 Rc3 35. Rxc3 1-0

[Event "Titled Tuesday intern op 15st Dec"]
[Site "Chess.com INT"]
[Date "2020.12.15"]
[Round "10"]
[White "Kaufman, Raymond"]
[Black "Perez Gormaz, Matias Ariel"]
[Result "0-1"]
[WhiteElo "2255"]
[BlackElo "2413"]
[PlyCount "90"]
[GameId "1595861416636416"]
[EventDate "2020.12.15"]
[EventType "swiss (blitz)"]
[EventRounds "11"]
[EventCountry "USA"]
[SourceTitle "CBM 199 Extra"]
[Source "ChessBase"]
[SourceDate "2021.01.31"]
[SourceVersion "1"]
[SourceVersionDate "2021.01.31"]
[SourceQuality "1"]

1. d4 Nf6 2. c4 e6 3. Nc3 Bb4 4. Nf3 d5 5. cxd5 exd5 6. Bg5 h6 7. Bh4 O-O 8. e3 c5 9. a3 Bxc3+ 10. bxc3 c4 11. Be2 Qa5 12. Bxf6 Qxc3+ 13. Nd2 gxf6 14. O-O f5 15. Nf3 Nc6 16. g3 Be6 17. Qb1 Rfb8 18. Qb5 Qa5 19. Rfb1 Qxb5 20. Rxb5 b6 21. Rab1 Kf8 22. Kf1 Ke7 23. Ke1 Kd6 24. Kd2 Kc7 25. Ne5 Nxe5 26. dxe5 a6 27. R5b4 b5 28. Kc3 Kc6 29. a4 Kc5 30. f4 Rb6 31. a5 Rbb8 32. Rg1 Rd8 33. Rd1 Rd7 34. Rd4 h5 35. Rb1 h4 36. gxh4 Rg8 37. h5 Rg2 38. Kd2 Rxh2 39. Rg1 b4 40. Rg8 Rc7 41. Ke1 b3 42. Rb8 Rc8 43. Rb6 Rg8 44. Kf1 Rg3 45. Rb8 Rxe3 0-1

[Event "Titled Tuesday intern op 19th Jan"]
[Site "Chess.com INT"]
[Date "2021.01.19"]
[Round "1"]
[White "Kaufman, Raymond"]
[Black "Moroni, Luca Jr"]
[Result "1-0"]
[WhiteElo "2255"]
[BlackElo "2560"]
[PlyCount "69"]
[GameId "1608592118960128"]
[EventDate "2021.01.19"]
[EventType "swiss (blitz)"]
[EventRounds "11"]
[EventCountry "USA"]
[SourceTitle "CBM 200 Extra"]
[Source "ChessBase"]
[SourceDate "2021.03.31"]
[SourceVersion "1"]
[SourceVersionDate "2021.03.31"]
[SourceQuality "1"]

1. e4 c5 2. Nf3 d6 3. Bb5+ Nd7 4. d4 cxd4 5. Qxd4 Ngf6 6. O-O a6 7. Bxd7+ Bxd7 8. c4 e5 9. Qd3 h6 10. Nc3 Rc8 11. b3 Be7 12. Ba3 Qa5 13. Bb2 O-O 14. a4 Rfd8 15. Rfd1 Be6 16. Ba3 Qb6 17. Nd5 Nxd5 18. cxd5 Bd7 19. Rac1 g6 20. Nxe5 Be8 21. Nc4 Qa7 22. e5 Bg5 23. Nxd6 Bxc1 24. Nxc8 Rxc8 25. Rxc1 Rxc1+ 26. Bxc1 Qc5 27. Bxh6 b5 28. h4 Qb4 29. Be3 bxa4 30. bxa4 Qxa4 31. g3 Qa1+ 32. Kh2 Qxe5 33. d6 Qb5 34. Qd4 Bc6 35. Bh6 1-0

[Event "Titled Tuesday intern op 19th Jan"]
[Site "Chess.com INT"]
[Date "2021.01.19"]
[Round "2"]
[White "Stearman, Josiah P"]
[Black "Kaufman, Raymond"]
[Result "1-0"]
[WhiteElo "2361"]
[BlackElo "2255"]
[PlyCount "21"]
[GameId "1608592119742464"]
[EventDate "2021.01.19"]
[EventType "swiss (blitz)"]
[EventRounds "11"]
[EventCountry "USA"]
[SourceTitle "CBM 200 Extra"]
[Source "ChessBase"]
[SourceDate "2021.03.31"]
[SourceVersion "1"]
[SourceVersionDate "2021.03.31"]
[SourceQuality "1"]

1. e4 c6 2. Nc3 d5 3. Nf3 dxe4 4. Nxe4 Nf6 5. Qe2 Nxe4 6. Qxe4 Qd5 7. Qf4 Bf5 8. Bc4 g5 9. Nxg5 Qxg2 10. Qxf5 Qxh1+ 11. Ke2 1-0

[Event "Titled Tuesday intern op 19th Jan"]
[Site "Chess.com INT"]
[Date "2021.01.19"]
[Round "3"]
[White "Kaufman, Raymond"]
[Black "Hjartarson, Johann"]
[Result "0-1"]
[WhiteElo "2255"]
[BlackElo "2525"]
[PlyCount "90"]
[GameId "1608592121315328"]
[EventDate "2021.01.19"]
[EventType "swiss (blitz)"]
[EventRounds "11"]
[EventCountry "USA"]
[SourceTitle "CBM 200 Extra"]
[Source "ChessBase"]
[SourceDate "2021.03.31"]
[SourceVersion "1"]
[SourceVersionDate "2021.03.31"]
[SourceQuality "1"]

1. d4 Nf6 2. Bg5 g6 3. Bxf6 exf6 4. e3 f5 5. Nf3 Bg7 6. Be2 O-O 7. c4 d6 8. O-O Nd7 9. Nc3 Nf6 10. Qc2 c6 11. b4 Re8 12. a4 a6 13. Rab1 Bd7 14. b5 axb5 15. axb5 Qa5 16. bxc6 bxc6 17. Rb7 Ra7 18. Rfb1 Rxb7 19. Rxb7 Ra8 20. h3 Bc8 21. Rb2 Qc7 22. Ra2 Rb8 23. Rb2 h6 24. Rxb8 Qxb8 25. Qa4 Bd7 26. Qc2 Qa7 27. Nd2 c5 28. dxc5 dxc5 29. Kh2 Be6 30. Bf3 Qa5 31. Nd5 Nd7 32. g3 Ne5 33. Bg2 Nc6 34. Nf6+ Bxf6 35. Bxc6 Qb4 36. Bd5 Bd7 37. Nf3 Ba4 38. Qd3 Qb2 39. Kg2 Bc2 40. Qd2 Bc3 41. Bxf7+ Kxf7 42. Qd7+ Kg8 43. Qe6+ Kh7 44. Qe7+ Bg7 45. Qxc5 Be4 0-1

[Event "Titled Tuesday intern op 19th Jan"]
[Site "Chess.com INT"]
[Date "2021.01.19"]
[Round "4"]
[White "Hartikainen, Jarmo"]
[Black "Kaufman, Raymond"]
[Result "0-1"]
[WhiteElo "2142"]
[BlackElo "2255"]
[PlyCount "96"]
[GameId "1608592122556416"]
[EventDate "2021.01.19"]
[EventType "swiss (blitz)"]
[EventRounds "11"]
[EventCountry "USA"]
[SourceTitle "CBM 200 Extra"]
[Source "ChessBase"]
[SourceDate "2021.03.31"]
[SourceVersion "1"]
[SourceVersionDate "2021.03.31"]
[SourceQuality "1"]

1. e4 c5 2. Nf3 e6 3. d4 cxd4 4. Nxd4 a6 5. Nc3 Qc7 6. Bd3 Nf6 7. Be3 b5 8. O-O Bb7 9. a3 Be7 10. f4 d6 11. Qe2 Nbd7 12. Rae1 O-O 13. Nf3 Nc5 14. Bd4 Rfd8 15. e5 dxe5 16. Bxe5 Qb6 17. Kh1 Nxd3 18. cxd3 Nd5 19. Ng5 f6 20. Qh5 fxg5 21. fxg5 Rf8 22. Ne4 Ne3 23. g6 h6 24. Rf7 Rxf7 25. gxf7+ Kh7 26. d4 Bxe4 27. Rxe3 Bg6 28. Qg4 Rc8 29. h3 Bxf7 30. Rg3 g6 31. Rf3 Rf8 32. Qe4 Qd8 33. Kh2 Qd5 34. Qe3 Bd6 35. Qf2 Bxe5+ 36. dxe5 Qxe5+ 37. Kh1 Qg7 38. Rf4 e5 39. Rf3 e4 40. Rf4 g5 41. Rf5 e3 42. Qf3 e2 43. Qxe2 Bg6 44. Re5 Rf1+ 45. Kh2 Rf7 46. Re6 Rb7 47. Rd6 Qc7 48. Kh1 Qxd6 0-1

[Event "Titled Tuesday intern op 19th Jan"]
[Site "Chess.com INT"]
[Date "2021.01.19"]
[Round "8"]
[White "Kaufman, Raymond"]
[Black "Yanchenko, Roman"]
[Result "0-1"]
[WhiteElo "2255"]
[BlackElo "2467"]
[PlyCount "84"]
[GameId "1608592125804544"]
[EventDate "2021.01.19"]
[EventType "swiss (blitz)"]
[EventRounds "11"]
[EventCountry "USA"]
[SourceTitle "CBM 200 Extra"]
[Source "ChessBase"]
[SourceDate "2021.03.31"]
[SourceVersion "1"]
[SourceVersionDate "2021.03.31"]
[SourceQuality "1"]

1. e4 e6 2. d4 d5 3. e5 c5 4. c3 Qb6 5. Nf3 Bd7 6. c4 dxc4 7. Bxc4 Qb4+ 8. Nbd2 cxd4 9. Nxd4 Nc6 10. Nxc6 Bxc6 11. O-O Rd8 12. Qe2 Ne7 13. a3 Qb6 14. Nf3 Nf5 15. Bg5 Be7 16. Bxe7 Nxe7 17. Rfd1 O-O 18. b4 Bxf3 19. Qxf3 Nc6 20. Bd3 g6 21. Qf6 Qd4 22. h4 Qxe5 23. Qf3 Rd4 24. h5 Rfd8 25. hxg6 hxg6 26. Rac1 Qd5 27. Qxd5 R8xd5 28. Be2 Rxd1+ 29. Rxd1 Rxd1+ 30. Bxd1 Nd4 31. f3 e5 32. Kf2 f5 33. Ke3 Kf7 34. f4 Ke6 35. g3 Kd5 36. Ba4 b5 37. Bd1 a6 38. g4 e4 39. gxf5 gxf5 40. Kd2 Kc4 41. Ke3 Kc3 42. a4 Nc2+ 0-1

[Event "Titled Tuesday intern op 02nd Feb"]
[Site "Chess.com INT"]
[Date "2021.02.02"]
[Round "7"]
[White "Wiwatanadate, Poompong"]
[Black "Kaufman, Raymond"]
[Result "0-1"]
[WhiteElo "2035"]
[BlackElo "2255"]
[PlyCount "48"]
[GameId "1613714572300288"]
[EventDate "2021.02.02"]
[EventType "swiss (blitz)"]
[EventRounds "11"]
[EventCountry "USA"]
[SourceTitle "CBM 200 Extra"]
[Source "ChessBase"]
[SourceDate "2021.03.31"]
[SourceVersion "1"]
[SourceVersionDate "2021.03.31"]
[SourceQuality "1"]

1. d4 Nf6 2. c4 e6 3. Nc3 Bb4 4. e3 O-O 5. Nge2 c6 6. a3 Ba5 7. c5 Bc7 8. Ng3 b6 9. b4 e5 10. cxb6 axb6 11. d5 cxd5 12. Nxd5 Nxd5 13. Qxd5 Nc6 14. Bd3 Nxb4 15. Qxa8 Nxd3+ 16. Ke2 d5 17. Qc6 Ba6 18. Kd2 Nxf2 19. Bb2 Nxh1 20. Rxh1 d4 21. exd4 exd4 22. Nf5 Qg5+ 23. Kd1 Qxf5 24. Qxc7 Qd3+ 0-1

[Event "Titled Tuesday intern op 02nd Feb"]
[Site "Chess.com INT"]
[Date "2021.02.02"]
[Round "11"]
[White "Kaufman, Raymond"]
[Black "Rodchenkov, Sergey D"]
[Result "1/2-1/2"]
[WhiteElo "2255"]
[BlackElo "2346"]
[PlyCount "142"]
[GameId "1613714576564224"]
[EventDate "2021.02.02"]
[EventType "swiss (blitz)"]
[EventRounds "11"]
[EventCountry "USA"]
[SourceTitle "CBM 200 Extra"]
[Source "ChessBase"]
[SourceDate "2021.03.31"]
[SourceVersion "1"]
[SourceVersionDate "2021.03.31"]
[SourceQuality "1"]

1. e4 c5 2. Nf3 d6 3. Bb5+ Nd7 4. O-O Ngf6 5. Re1 a6 6. Bf1 b5 7. c3 Bb7 8. d3 e5 9. Nbd2 Be7 10. g3 O-O 11. Bg2 Re8 12. Nf1 Bf8 13. Ne3 Qc7 14. Nf5 d5 15. N3h4 Rad8 16. Qe2 c4 17. exd5 Bxd5 18. Bxd5 Nxd5 19. dxc4 bxc4 20. Bg5 f6 21. Bd2 N7b6 22. Rad1 g6 23. Nh6+ Kh8 24. Ng4 Qf7 25. Ne3 Nxe3 26. Bxe3 Na4 27. Qc2 Nc5 28. Bxc5 Bxc5 29. Rxd8 Rxd8 30. Rd1 Qc7 31. Rxd8+ Qxd8 32. Qe4 Qd1+ 33. Kg2 Qd3 34. Qc6 Qd6 35. Qxd6 Bxd6 36. Nf3 Kg8 37. Nd2 Kf7 38. Nxc4 Bc7 39. b4 Ke6 40. a4 Kd5 41. Ne3+ Ke4 42. c4 Kd4 43. b5 a5 44. Nd5 Bd8 45. b6 Bxb6 46. Nxb6 Kc5 47. Nd7+ Kxc4 48. Nxf6 Kb4 49. Kf3 Kxa4 50. Ke3 Kb3 51. Kd3 a4 52. Nd5 a3 53. Nc3 Kb2 54. h4 h5 55. f3 Kb3 56. g4 Kb2 57. Kd2 Kb3 58. Ne2 Kb2 59. Nc1 Kb1 60. Kd1 Kb2 61. Kd2 Kb1 62. g5 Kb2 63. Nd3+ Kb1 64. Nb4 Kb2 65. Ke3 Kb3 66. Nd3 Kc2 67. Ke4 Kc3 68. Nc1 Kb2 69. Nd3+ Kc3 70. Nc1 Kb2 71. Nd3+ Kc3 1/2-1/2